[Event "POR-chT"]
[Site "Maia"]
[Date "2018.07.18"]
[Round "4.2"]
[White "Vassallo Barroche, Mauricio"]
[Black "Novais, Carlos Joao Fernand"]
[Result "1-0"]
[WhiteElo "2386"]
[BlackElo "2121"]
[PlyCount "59"]
[EventDate "2018.07.16"]
[EventType "team-tourn"]
[EventRounds "9"]
[EventCountry "POR"]
[SourceTitle "CBM 185 Extra"]
[Source "ChessBase"]
[SourceDate "2018.07.29"]
[SourceVersion "1"]
[SourceVersionDate "2018.07.29"]
[SourceQuality "1"]
[WhiteTeam "Assembleia Figueirense"]
[BlackTeam "CX A2D"]
[WhiteTeamCountry "POR"]
[BlackTeamCountry "POR"]

1. d4 d5 2. c4 e6 3. Nc3 Nf6 4. Bg5 Be7 5. e3 Nbd7 6. Nf3 0-0 7. Qc2 Re8 8. Rd1 c6 9. a3 dxc4 10. Bxc4 h6 11. Bh4 b5 12. Ba2 Qb6 13. 0-0 Bb7 14. Bb1 Nf8 15. Bxf6 Bxf6 16. Ne4 Be7 17. Nc5 Bxc5 18. dxc5 Qc7 19. Rd6 e5 20. Qe4 Qe7 21. Rfd1 g6 22. Ba2 Kg7 23. h4 Rac8 24. h5 Rc7 25. hxg6 fxg6 26. Nh4 Qg5 27. Bb1 Re6 28. Rxe6 Nxe6 29. Rd6 Bc8 30. b4 1-0

[Event "POR-chT"]
[Site "Maia"]
[Date "2018.07.17"]
[Round "2.1"]
[White "Guerreiro, Nuno M"]
[Black "Novais, Carlos Joao Fernand"]
[Result "1-0"]
[WhiteElo "2050"]
[BlackElo "2121"]
[PlyCount "65"]
[EventDate "2018.07.16"]
[EventType "team-tourn"]
[EventRounds "9"]
[EventCountry "POR"]
[SourceTitle "CBM 185 Extra"]
[Source "ChessBase"]
[SourceDate "2018.07.29"]
[SourceVersion "1"]
[SourceVersionDate "2018.07.29"]
[SourceQuality "1"]
[WhiteTeam "Mata de Benfica"]
[BlackTeam "CX A2D"]
[WhiteTeamCountry "POR"]
[BlackTeamCountry "POR"]

1. Nf3 Nf6 2. g3 d5 3. Bg2 e6 4. 0-0 Be7 5. c4 0-0 6. b3 c5 7. d3 Nc6 8. Bb2 Qc7 9. Nbd2 Rd8 10. cxd5 exd5 11. d4 cxd4 12. Nxd4 Qb6 13. N2f3 Ne4 14. Rc1 Bc5 15. e3 Bg4 16. Qc2 Nb4 17. Qb1 Bxf3 18. Nxf3 Bxe3 19. fxe3 Qxe3+ 20. Kh1 Nd3 21. Bd4 Nef2+ 22. Rxf2 Nxf2+ 23. Kg1 Nh3+ 24. Kf1 Qh6 25. Rd1 Rac8 26. Qb2 Re8 27. b4 g5 28. Ne5 Qf6+ 29. Nf3 Qh6 30. b5 g4 31. Nh4 Nf4 32. Qd2 Qe6 33. gxf4 1-0

[Event "POR Cup 38th"]
[Site "Portugal"]
[Date "2016.06.18"]
[Round "5.6"]
[White "Novais, Carlos Joao Fernand"]
[Black "Vasques, Antonio Pedro Freix"]
[Result "0-1"]
[WhiteElo "2066"]
[BlackElo "2279"]
[PlyCount "84"]
[EventDate "2016.02.20"]
[EventType "team-k.o."]
[EventRounds "6"]
[EventCountry "POR"]
[SourceTitle "EXT 2017"]
[Source "ChessBase"]
[SourceDate "2016.10.25"]
[SourceVersion "1"]
[SourceVersionDate "2016.10.25"]
[SourceQuality "1"]
[WhiteTeam "CX A2D II"]
[BlackTeam "Portugal Sporting"]
[WhiteTeamCountry "POR"]
[BlackTeamCountry "POR"]

1. d4 Nf6 2. Bg5 Ne4 3. Bf4 c5 4. f3 Qa5+ 5. c3 Nf6 6. d5 Qb6 7. e4 Qxb2 8. Nd2 Qxc3 9. Bc7 Qe3+ 10. Ne2 Na6 11. Nc4 Qh6 12. Ba5 g5 13. g4 Qh4+ 14. Ng3 d6 15. Rb1 h5 16. gxh5 Bg7 17. Ne3 Nxh5 18. Ng2 Nxg3 19. Nxh4 Nxh1 20. Nf5 Bxf5 21. exf5 Rxh2 22. Qa4+ Kf8 23. Rxb7 Nb4 24. Bxb4 cxb4 25. Qxb4 Rc8 26. Rc7 Re8 27. Bb5 Rb8 28. Bd7 Bc3+ 29. Qxc3 Rb1+ 30. Qc1 Rxc1+ 31. Rxc1 Rxa2 32. f6 exf6 33. Rc8+ Ke7 34. Rc7 Kd8 35. Rb7 a5 36. Bc6 a4 37. Rd7+ Kc8 38. Rxd6 a3 39. Ba4 Rb2 40. Ra6 a2 41. Bd1 Nf2 42. d6 Nxd1 0-1

[Event "POR Cup 38th"]
[Site "Portugal"]
[Date "2016.05.01"]
[Round "4.1"]
[White "Rodrigues, Jose AA"]
[Black "Novais, Carlos Joao Fernand"]
[Result "0-1"]
[WhiteElo "2121"]
[BlackElo "2066"]
[PlyCount "142"]
[EventDate "2016.02.20"]
[EventType "team-k.o."]
[EventRounds "6"]
[EventCountry "POR"]
[SourceTitle "EXT 2017"]
[Source "ChessBase"]
[SourceDate "2016.10.25"]
[SourceVersion "1"]
[SourceVersionDate "2016.10.25"]
[SourceQuality "1"]
[WhiteTeam "Porto GX"]
[BlackTeam "CX A2D II"]
[WhiteTeamCountry "POR"]
[BlackTeamCountry "POR"]

1. d4 Nf6 2. c4 g6 3. Nc3 Bg7 4. e4 d6 5. Nf3 0-0 6. Be2 e5 7. d5 Na6 8. Nd2 Ne8 9. 0-0 f5 10. a3 Nf6 11. b4 b6 12. Qa4 Nb8 13. c5 bxc5 14. bxc5 Nbd7 15. Qc6 Rb8 16. cxd6 cxd6 17. Nc4 Ne8 18. Rb1 Rxb1 19. Nxb1 Nc5 20. Qb5 Ba6 21. Qb4 Nxe4 22. Rd1 Rf7 23. Qe1 Rc7 24. Ne3 Bxe2 25. Qxe2 Qb8 26. Bd2 Qb3 27. Ba5 Rb7 28. Bb4 Bh6 29. Nd2 Nxd2 30. Rxd2 Rc7 31. Rd1 Bxe3 32. fxe3 Rc2 33. Qd3 Qxd3 34. Rxd3 Nf6 35. h3 Ne4 36. Ba5 Rc5 37. Bb4 Rc1+ 38. Kh2 h5 39. h4 Kf7 40. Ba5 Rh1+ 41. Kxh1 Nf2+ 42. Kg1 Nxd3 43. Kf1 e4 44. Ke2 Nb2 45. Bc7 Ke7 46. Bb8 a5 47. Ba7 Kd7 48. Kd2 Nc4+ 49. Kc3 Nxa3 50. Kb3 Nb5 51. Bb6 Nc7 52. Bxa5 Nxd5 53. Bd2 Kc6 54. Kc4 Nb6+ 55. Kd4 Kb5 56. Be1 Kc6 57. Bb4 Nd5 58. Ba5 Nc7 59. Kc4 Ne6 60. g3 d5+ 61. Kc3 Kb5 62. Bb4 d4+ 63. exd4 Nxd4 64. Bd6 Kc6 65. Bb8 Kd5 66. Kd2 Nc6 67. Bc7 Kc4 68. Bb6 Nb4 69. Ba7 Nd5 70. Bb8 e3+ 71. Ke2 Kd4 0-1

[Event "Famalicao op 3rd"]
[Site "Famalicao"]
[Date "2015.08.04"]
[Round "4"]
[White "Novais, Carlos Joao Fernand"]
[Black "Jimenez Manzano, Emiliano"]
[Result "1-0"]
[WhiteElo "2065"]
[BlackElo "1548"]
[PlyCount "39"]
[EventDate "2015.08.02"]
[EventType "swiss"]
[EventRounds "7"]
[EventCountry "POR"]
[SourceTitle "CBM 167 Extra"]
[Source "ChessBase"]
[SourceDate "2015.09.14"]
[SourceVersion "1"]
[SourceVersionDate "2015.09.14"]
[SourceQuality "1"]

1. d4 d5 2. Bg5 Bg4 3. c4 c6 4. Nc3 Qa5 5. Qb3 Qb6 6. cxd5 Qxb3 7. axb3 f6 8. Bf4 g5 9. Bg3 Nh6 10. f3 Bd7 11. e4 Nf7 12. Na4 Na6 13. Bxa6 bxa6 14. Nc5 cxd5 15. Nxa6 Rc8 16. Nc7+ Kd8 17. Nxd5 Rc2 18. Rxa7 Rxb2 19. Bc7+ Kc8 20. Nb6# 1-0

[Event "Famalicao op 3rd"]
[Site "Famalicao"]
[Date "2015.08.03"]
[Round "3"]
[White "Kambuadi, Aires"]
[Black "Novais, Carlos Joao Fernand"]
[Result "0-1"]
[WhiteElo "1544"]
[BlackElo "2065"]
[PlyCount "56"]
[EventDate "2015.08.02"]
[EventType "swiss"]
[EventRounds "7"]
[EventCountry "POR"]
[SourceTitle "CBM 167 Extra"]
[Source "ChessBase"]
[SourceDate "2015.09.14"]
[SourceVersion "1"]
[SourceVersionDate "2015.09.14"]
[SourceQuality "1"]

1. d4 e6 2. c4 f5 3. Nf3 Nf6 4. Nc3 d5 5. Bg5 c6 6. e3 Bd6 7. Bd3 0-0 8. c5 Bc7 9. Bc2 Qe8 10. Qd3 b6 11. b4 Ba6 12. Qd2 Ne4 13. Nxe4 fxe4 14. Nh4 Qh5 15. Be7 Rf7 16. g4 Qxg4 17. Bd1 Qh3 18. Bg5 h6 19. Bxh6 Qxh4 20. Bf4 Bxf4 21. exf4 Rxf4 22. Qe3 bxc5 23. bxc5 Nd7 24. Qg3 Qf6 25. Rb1 Rf8 26. Qe3 e5 27. Qa3 Qh4 28. Rb2 Rxf2 0-1

[Event "Famalicao op 3rd"]
[Site "Famalicao"]
[Date "2015.08.02"]
[Round "1"]
[White "Sousa, David Oliva Teles"]
[Black "Novais, Carlos Joao Fernand"]
[Result "0-1"]
[WhiteElo "1103"]
[BlackElo "2065"]
[PlyCount "76"]
[EventDate "2015.08.02"]
[EventType "swiss"]
[EventRounds "7"]
[EventCountry "POR"]
[SourceTitle "CBM 167 Extra"]
[Source "ChessBase"]
[SourceDate "2015.09.14"]
[SourceVersion "1"]
[SourceVersionDate "2015.09.14"]
[SourceQuality "1"]

1. e4 d5 2. exd5 Qxd5 3. Nc3 Qa5 4. Nf3 Nf6 5. Bc4 Bg4 6. d3 Nbd7 7. Bf4 c6 8. a4 e5 9. Qe2 0-0-0 10. Bg5 e4 11. dxe4 Bxf3 12. Qxf3 Qxg5 13. 0-0 Bd6 14. Qf5 Qh6 15. h3 Rhe8 16. Rfd1 Re5 17. Qf3 Bc5 18. a5 Qh4 19. b4 Bxb4 20. Rab1 Bxc3 21. Qxc3 Nxe4 22. Qb4 Qxf2+ 23. Kh1 Ndc5 24. Ba6 Rxd1+ 25. Rxd1 bxa6 26. Qd4 Qxd4 27. Rxd4 Ng3+ 28. Kh2 Nce4 29. Rc4 Rxa5 30. Rxc6+ Kd7 31. Rc4 Ra1 32. Rd4+ Ke6 33. Rxe4+ Nxe4 34. h4 Kf5 35. g4+ Kxg4 36. c3 Kf3 37. c4 Ng3 38. Kh3 Rh1# 0-1

[Event "Matosinhos Honra"]
[Site "Matosinhos"]
[Date "2015.06.08"]
[Round "3"]
[White "Santos, Antonio Miguel Oliv"]
[Black "Novais, Carlos Joao Fernand"]
[Result "0-1"]
[WhiteElo "1718"]
[BlackElo "2060"]
[PlyCount "62"]
[EventDate "2015.06.07"]
[EventType "tourn"]
[EventRounds "9"]
[EventCountry "POR"]
[SourceTitle "EXT 2018"]
[Source "ChessBase"]
[SourceDate "2017.10.13"]
[SourceVersion "1"]
[SourceVersionDate "2017.10.13"]
[SourceQuality "1"]

1. Nf3 Nf6 2. g3 c5 3. Bg2 Nc6 4. 0-0 e6 5. c4 d5 6. cxd5 exd5 7. d4 c4 8. Nc3 Be7 9. Ne5 0-0 10. Bf4 Be6 11. Qd2 Qb6 12. Rfd1 Rfd8 13. Nxc6 Qxc6 14. Qc2 b5 15. e4 dxe4 16. Nxe4 Bd5 17. Nxf6+ Bxf6 18. Bxd5 Rxd5 19. Be3 Qd7 20. b3 Rc8 21. Qc3 cxb3 22. Qxb3 h5 23. a4 h4 24. axb5 Rxb5 25. Rxa7 Qe8 26. Qa2 h3 27. Qe2 Qe4 28. Qf1 Qf3 29. Rda1 Rcb8 30. Ra8 Rxa8 31. Rxa8+ Qxa8 0-1

[Event "Matosinhos Honra"]
[Site "Matosinhos"]
[Date "2015.06.07"]
[Round "2"]
[White "Novais, Carlos Joao Fernand"]
[Black "Silva, Leonildo"]
[Result "1-0"]
[WhiteElo "2060"]
[BlackElo "1500"]
[PlyCount "61"]
[EventDate "2015.06.07"]
[EventType "tourn"]
[EventRounds "9"]
[EventCountry "POR"]
[SourceTitle "EXT 2018"]
[Source "ChessBase"]
[SourceDate "2017.10.13"]
[SourceVersion "1"]
[SourceVersionDate "2017.10.13"]
[SourceQuality "1"]

1. e4 e5 2. Nf3 Nc6 3. Bc4 Nf6 4. d3 Bc5 5. Nbd2 d6 6. c3 Be6 7. Bb5 a6 8. Ba4 0-0 9. h3 b5 10. Bc2 d5 11. exd5 Bxd5 12. 0-0 Re8 13. Re1 Ba7 14. Ng5 h6 15. Nge4 Nd7 16. Qh5 Nf6 17. Qe2 Nd7 18. Ng3 Nf6 19. Nde4 Nxe4 20. dxe4 Bc4 21. Qg4 Kf8 22. Nh5 g5 23. h4 f6 24. Qf5 Qe7 25. hxg5 Be6 26. gxf6 Qf7 27. Bxh6+ Kg8 28. Qg5+ Kh7 29. Ng7 Rg8 30. Qh4 Na5 31. Bg5+ 1-0

[Event "POR-chT 52nd"]
[Site "Vila Nova de Gaia"]
[Date "2010.07.24"]
[Round "1.2"]
[White "Hennig, Dirk"]
[Black "Novais, Carlos Joao Fernand"]
[Result "1-0"]
[WhiteElo "2404"]
[BlackElo "2011"]
[PlyCount "61"]
[EventDate "2010.07.24"]
[EventType "team-tourn"]
[EventRounds "9"]
[EventCountry "POR"]
[SourceTitle "EXT 2011"]
[Source "ChessBase"]
[SourceDate "2010.11.26"]
[SourceVersion "1"]
[SourceVersionDate "2010.11.26"]
[SourceQuality "1"]
[WhiteTeam "Albufeira"]
[BlackTeam "Amiguinhos"]
[WhiteTeamCountry "POR"]
[BlackTeamCountry "POR"]

1. d4 d5 2. Nf3 Nf6 3. Bg5 e6 4. e3 Nbd7 5. c4 c6 6. Nc3 Be7 7. Qc2 0-0 8. a3 h6 9. Bh4 Re8 10. Rd1 Qa5 11. Bd3 dxc4 12. Bxc4 c5 13. 0-0 cxd4 14. exd4 a6 15. Rfe1 b5 16. Ba2 Bb7 17. Ne5 Nxe5 18. dxe5 Nd5 19. Bxe7 Rxe7 20. Nxd5 exd5 21. f4 g6 22. f5 gxf5 23. Qxf5 Rae8 24. Kh1 Re6 25. Re3 Qc7 26. Rde1 d4 27. Qg4+ Kh8 28. Qxd4 f6 29. exf6 Rxe3 30. f7+ Kh7 31. fxe8Q 1-0

[Event "Braga District-ch final"]
[Site "Guimaraes"]
[Date "2007.06.08"]
[Round "4"]
[White "Novais, Carlos Joao Fernand"]
[Black "Guimaraes, Alvaro JE"]
[Result "0-1"]
[WhiteElo "1947"]
[BlackElo "1961"]
[PlyCount "214"]
[EventDate "2007.05.18"]
[EventType "swiss"]
[EventRounds "8"]
[EventCountry "POR"]
[SourceTitle "EXT 2018"]
[Source "ChessBase"]
[SourceDate "2017.10.13"]
[SourceVersion "1"]
[SourceVersionDate "2017.10.13"]
[SourceQuality "1"]

1. d4 g6 2. e4 Bg7 3. c3 d6 4. Nf3 Bg4 5. Bc4 Nf6 6. Qb3 0-0 7. e5 d5 8. Be2 Nfd7 9. Qxd5 Nc6 10. h3 Bxf3 11. Bxf3 Kh8 12. 0-0 Qc8 13. Qb3 Nd8 14. Re1 c6 15. Bg4 e6 16. Bg5 h6 17. Bh4 c5 18. Na3 Nc6 19. Nb5 cxd4 20. cxd4 Nb6 21. Rad1 Qd7 22. Nd6 Rab8 23. d5 Nxd5 24. Rxd5 h5 25. Bxh5 exd5 26. Qxd5 gxh5 27. e6 fxe6 28. Rxe6 Rf4 29. Re7 Qxe7 30. Bxe7 Nxe7 31. Qxh5+ Kg8 32. Qg5 Rf6 33. Qc5 Nc6 34. Nc4 Rg6 35. Qd5+ Kh8 36. Nd6 Bxb2 37. Qh5+ Kg7 38. Nf5+ Kf6 39. Qf3 Ke6 40. Qe4+ Kd7 41. Qd5+ Ke8 42. Qe4+ Kf8 43. Ne3 Rf6 44. Ng4 Rf7 45. Nh6 Re8 46. Qb1 Bc3 47. Nxf7 Re1+ 48. Qxe1 Bxe1 49. Nd6 b6 50. Kf1 Bc3 51. Ke2 Ke7 52. Ne4 Be5 53. Kd2 Ke6 54. g3 Kf5 55. Nc3 Bd4 56. f4 Bf2 57. Ne2 Ke4 58. g4 Be3+ 59. Kc2 Kf3 60. Nc3 Bxf4 61. Kb3 Kg3 62. Kc4 Kxh3 63. Kb5 Nb8 64. Nd5 Kxg4 65. Nxb6 axb6 66. Kxb6 Nd7+ 67. Kc6 Ne5+ 68. Kb5 Kf5 69. a4 Ke6 70. a5 Kd7 71. Kb6 Kc8 72. Kc5 Kb7 73. Kb5 Ka7 74. a6 Be3 75. Ka5 Bb6+ 76. Kb5 Bd8 77. Kc5 Kxa6 78. Kd5 Bc7 79. Ke4 Kb5 80. Kd5 Bb8 81. Kd4 Kc6 82. Ke4 Kc5 83. Kf5 Kd5 84. Kf4 Nc4+ 85. Kf5 Be5 86. Kg4 Ke4 87. Kg5 Nd6 88. Kg4 Bf4 89. Kh5 Kf5 90. Kh4 Nc4 91. Kh5 Bg3 92. Kh6 Nd6 93. Kg7 Be5+ 94. Kh6 Bf6 95. Kh5 Kf4 96. Kg6 Ke5 97. Kh6 Kf5 98. Kh5 Nc4 99. Kh6 Ne5 100. Kh5 Kf4 101. Kh6 Kg4 102. Kh7 Be7 103. Kh6 Kf5 104. Kh5 Ng6 105. Kh6 Nf4 106. Kh7 Bg5 107. Kg7 Ke6 0-1

[Event "POR-ch U18"]
[Site "Portugal"]
[Date "2007.??.??"]
[Round "6"]
[White "Novais, Carlos Joao Fernand"]
[Black "Melo, David"]
[Result "1-0"]
[WhiteElo "1941"]
[BlackElo "1767"]
[PlyCount "61"]
[EventDate "2007.??.??"]
[EventType "swiss"]
[EventRounds "7"]
[EventCountry "POR"]
[SourceTitle "EXT 2010"]
[Source "ChessBase"]
[SourceDate "2010.11.25"]
[SourceVersion "1"]
[SourceVersionDate "2010.11.25"]
[SourceQuality "1"]

1. e4 c5 2. Nf3 e6 3. d4 cxd4 4. Nxd4 a6 5. Bd3 Qc7 6. 0-0 Nf6 7. c4 Nc6 8. Ne2 b6 9. Bg5 Be7 10. Nd2 0-0 11. Rc1 Bb7 12. f3 Nb4 13. Bb1 Qc5+ 14. Kh1 Qxg5 15. Nb3 Qe5 16. Nc3 Qc7 17. Qe2 d6 18. a3 Nc6 19. f4 Rfe8 20. Rf3 Nd7 21. Rh3 Nc5 22. Nxc5 bxc5 23. e5 h6 24. Qd3 g6 25. Rxh6 Kg7 26. Rxg6+ fxg6 27. Qxg6+ Kf8 28. Qh6+ Kf7 29. Bg6+ Kg8 30. Qh7+ Kf8 31. Qf7# 1-0

[Event "Braga district-ch"]
[Site "Braga"]
[Date "2006.05.27"]
[Round "4"]
[White "Novais, Carlos Joao Fernand"]
[Black "Martins, Bruno Diogo da Silv"]
[Result "1-0"]
[WhiteElo "1941"]
[BlackElo "1767"]
[PlyCount "85"]
[EventDate "2006.05.19"]
[EventType "swiss"]
[EventRounds "9"]
[EventCountry "POR"]
[SourceTitle "EXT 2008"]
[Source "ChessBase"]
[SourceDate "2007.11.25"]
[SourceVersion "1"]
[SourceVersionDate "2007.11.25"]
[SourceQuality "1"]

1. d4 Nf6 2. Bg5 Ne4 3. Bf4 g6 4. f3 Nf6 5. e4 d6 6. c4 Bg7 7. Nc3 Nbd7 8. Be3 0-0 9. Qd2 e5 10. d5 Ne8 11. Bd3 Ndf6 12. Nge2 a6 13. g4 c5 14. h4 Nc7 15. h5 Bd7 16. a4 a5 17. Bh6 Qe7 18. 0-0-0 Na6 19. Bg5 Nb4 20. Bc2 Nxc2 21. Kxc2 Bh8 22. b3 Bg7 23. Nc1 Rfe8 24. Nd3 Qf8 25. Rh2 Nxg4 26. fxg4 Bxg4 27. Rg1 gxh5 28. Nf2 f5 29. Nxg4 hxg4 30. Rf2 f4 31. Bxf4 exf4 32. Rxf4 Bf6 33. Rgf1 Bxc3 34. Rxf8+ Rxf8 35. Rxf8+ Rxf8 36. Kxc3 Rf3+ 37. Kc2 g3 38. Qg5+ Kh8 39. Qd8+ Kg7 40. Qd7+ Kh8 41. Kd1 g2 42. Qd8+ Rf8 43. Qxf8# 1-0

[Event "Braga district-ch"]
[Site "Braga"]
[Date "2006.05.20"]
[Round "2"]
[White "Novais, Carlos Joao Fernand"]
[Black "Silva, Manuel Alberto Arau"]
[Result "1-0"]
[WhiteElo "1941"]
[BlackElo "1695"]
[PlyCount "111"]
[EventDate "2006.05.19"]
[EventType "swiss"]
[EventRounds "9"]
[EventCountry "POR"]
[SourceTitle "EXT 2008"]
[Source "ChessBase"]
[SourceDate "2007.11.25"]
[SourceVersion "1"]
[SourceVersionDate "2007.11.25"]
[SourceQuality "1"]

1. d4 c5 2. e4 e6 3. c3 cxd4 4. cxd4 d5 5. e5 Nc6 6. Nf3 Bd7 7. Be2 Rc8 8. 0-0 Qb6 9. Nc3 Nh6 10. Bxh6 gxh6 11. Qd2 Rg8 12. Rac1 Ne7 13. Rfd1 a6 14. Bd3 Ng6 15. Na4 Qd8 16. Rxc8 Qxc8 17. Rc1 Bc6 18. Qc3 Qd8 19. Nc5 Bxc5 20. Qxc5 Qe7 21. Bxa6 Qxc5 22. Rxc5 Nf4 23. g3 Kd7 24. Bf1 Ng6 25. Bd3 Ra8 26. a3 Kc7 27. Rc3 b6 28. Bb5 Ne7 29. b4 Kb7 30. Bd3 Ng6 31. h4 b5 32. h5 Nf8 33. Nd2 Kb6 34. Kf1 Ra7 35. Ke2 Kb7 36. Nb3 Kb6 37. Na5 Rc7 38. Bc2 Be8 39. Rxc7 Kxc7 40. g4 Kb6 41. Nb3 Kc7 42. Nc5 Kb6 43. f4 Bc6 44. Kf3 Be8 45. Kg3 Bc6 46. Kh4 Be8 47. g5 hxg5+ 48. Kxg5 Kc7 49. Kh6 Kd8 50. Bxh7 Ke7 51. Bd3 f5 52. Nb7 Bc6 53. Nd6 Bd7 54. Nxb5 Kf7 55. Nd6+ Kg8 56. b5 1-0

[Event "Burgas op 15th"]
[Site "Ourense"]
[Date "2006.??.??"]
[Round "7"]
[White "Novais, Carlos Joao Fernand"]
[Black "Cebrian Ramos, Jose Luis"]
[Result "1/2-1/2"]
[WhiteElo "1936"]
[BlackElo "2102"]
[PlyCount "104"]
[EventDate "2006.07.04"]
[EventType "swiss"]
[EventRounds "9"]
[EventCountry "ESP"]
[SourceTitle "CBM 113 Extra"]
[Source "ChessBase"]
[SourceDate "2006.09.14"]
[SourceVersion "1"]
[SourceVersionDate "2006.09.14"]
[SourceQuality "1"]

1. c4 c5 2. Nc3 Nf6 3. g3 d5 4. cxd5 Nxd5 5. Bg2 Nc7 6. b3 e5 7. Bb2 Be7 8. Rc1 f6 9. d3 0-0 10. Nf3 Nc6 11. 0-0 Be6 12. Nd2 Qd7 13. f4 exf4 14. Rxf4 Rad8 15. Rf1 b6 16. Nc4 Bh3 17. Bxh3 Qxh3 18. Ne4 Nd5 19. Qd2 Nd4 20. Ne3 Nb4 21. Bxd4 cxd4 22. Nf5 Nd5 23. Nxd4 Bb4 24. Qb2 Ne3 25. Rf2 Rc8 26. Nc6 Rxc6 27. Rxc6 Be1 28. Qd4 Bxf2+ 29. Kxf2 Ng4+ 30. Ke1 Nxh2 31. Rc7 Qe6 32. Qd7 Qxd7 33. Rxd7 Ra8 34. d4 Ng4 35. Nf2 Ne3 36. Kd2 Nf1+ 37. Kd3 Nxg3 38. d5 h5 39. d6 h4 40. e4 Kh7 41. Ng4 Kg6 42. Kd4 h3 43. Nh2 Ne2+ 44. Ke3 Nc3 45. a3 a5 46. Kd3 Nd1 47. Kd2 Nf2 48. Ke3 Nd1+ 49. Kd2 Re8 50. Re7 Rd8 51. d7 Nf2 52. Ke3 Nd1+ 1/2-1/2

[Event "Guimaraes op2"]
[Site "Guimaraes"]
[Date "2004.11.??"]
[Round "2"]
[White "Novais, Carlos Joao Fernand"]
[Black "Castro, Henrique Manuel Fer"]
[Result "1/2-1/2"]
[WhiteElo "1820"]
[BlackElo "2083"]
[PlyCount "47"]
[EventDate "2004.11.??"]
[EventType "swiss"]
[EventRounds "7"]
[EventCountry "POR"]
[SourceTitle "CBM 103 Extra"]
[Source "ChessBase"]
[SourceDate "2005.01.01"]
[SourceVersion "1"]
[SourceVersionDate "2005.01.01"]
[SourceQuality "1"]

1. d4 d5 2. Nf3 Nf6 3. e3 Bg4 4. Be2 e6 5. c3 Bd6 6. 0-0 0-0 7. Nbd2 c5 8. dxc5 Bxc5 9. b4 Bd6 10. Bb2 Nbd7 11. a3 Qe7 12. Nd4 Bxe2 13. Qxe2 Nb6 14. Rac1 Na4 15. Ba1 Rac8 16. c4 dxc4 17. Nxc4 Bb8 18. Nf3 Nd5 19. Nd4 Nab6 20. Nxb6 Nxb6 21. Qg4 f5 22. Qe2 Kh8 23. e4 Rce8 24. exf5 1/2-1/2

[Event "Guimaraes op"]
[Site "Guimaraes"]
[Date "2004.01.17"]
[Round "4.6"]
[White "Pereira, Fernando Luis Melao"]
[Black "Novais, Carlos Joao Fernand"]
[Result "1-0"]
[WhiteElo "1638"]
[BlackElo "1568"]
[PlyCount "31"]
[EventDate "2004.01.10"]
[EventType "swiss"]
[EventRounds "4"]
[EventCountry "POR"]
[SourceTitle "CBM 098 Extra"]
[Source "ChessBase"]
[SourceDate "2004.03.10"]
[SourceVersion "2"]
[SourceVersionDate "2004.03.10"]
[SourceQuality "1"]

1. e4 e6 2. d4 d5 3. Nc3 Nf6 4. Bg5 dxe4 5. Nxe4 Be7 6. Bxf6 Bxf6 7. Nf3 0-0 8. c3 Nc6 9. Bd3 g6 10. h4 Bg7 11. h5 f5 12. h6 Bh8 13. Neg5 e5 14. Bc4+ Rf7 15. Nxf7 Qe7 16. Nxh8+ 1-0

[Event "Matosinhos"]
[Site "Matosinhos"]
[Date "2004.01.03"]
[Round "9"]
[White "Novais, Carlos Joao Fernand"]
[Black "Silva, Paulo Rui Lopes"]
[Result "1/2-1/2"]
[WhiteElo "1801"]
[BlackElo "1801"]
[PlyCount "34"]
[EventDate "2003.12.22"]
[EventType "tourn"]
[EventRounds "9"]
[EventCountry "POR"]
[SourceTitle "EXT 2005"]
[Source "ChessBase"]
[SourceDate "2004.11.15"]
[SourceVersion "1"]
[SourceVersionDate "2004.11.15"]
[SourceQuality "1"]

1. a3 e5 2. e3 d6 3. d4 exd4 4. exd4 Qe7+ 5. Be2 Nf6 6. Nf3 Nc6 7. 0-0 g6 8. Re1 Qd7 9. Ng5 Be7 10. Nc3 0-0 11. Bf4 h6 12. Nf3 Kg7 13. Qd2 Rh8 14. Rad1 Qd8 15. h3 d5 16. Kh1 Be6 17. Bf1 Qd7 1/2-1/2